000 00387cam a22001217a 4500
008 180718b1985 xxu||||| |||| 00| 0 eng d
082 _aA81x54 In2/81/32/Pt6A&B
100 _aCensus of India 1981
245 _aPondicherry: fertility tables
260 _aDelhi
_bController of Publications
_c1985
300 _a527+p.
440 _aCensus of India 1981. Series-32, Pondicherry. Part VI A & B
999 _c482525
_d482525